| 000 | 00787nac a22002291u 4500 | ||
|---|---|---|---|
| 010 | _a 62053010 | ||
| 035 | _a(OCoLC)5925883 | ||
| 082 |
_a338.19 _bC7711 |
||
| 090 |
_c3633 _d3633 |
||
| 100 | _aCook, Robert C. | ||
| 245 | 1 | 0 | _aPopulation and food supply. |
| 260 |
_a[New York?] _bUnited Nations, Office of Public Information,[1962] _c[1962] |
||
| 300 |
_axiv, 49 p. _bdiagrs., tables. _c23 cm. |
||
| 500 | _a"Sales number: 62.I.22." | ||
| 500 | _aDonations | ||
| 500 | _aDonations-Bibliotheca Alexandrina | ||
| 504 | _aBibliographical footnotes. | ||
| 650 | 0 | _aFood supply. | |
| 650 | 0 | _aPopulation | |
| 942 |
_cBB _k338.19C7711 |
||
| 999 |
_c3633 _d3633 |
||